000 00546nam a2200205 4500
001 77323
003 BD-RjUL
005 20211209082947.0
008 200314s1966 e ||||| |||| 00| 0 eng d
035 _a(BD-RjUL)77548)
040 _aBD-RjUL
_beng
_cBD-RjUL
041 _aeng
082 _a821.7
_bkEP 1966
100 _a Keats, John
_9240877
245 _aThe poetical woeks of John Keats /
_cJohn Keats
264 _aLondon :
_bOxford University,
_c1966
300 _ax, 470 p. ;
_c15 cm.
600 _aKeats, John
_9240879
942 _2ddc
_cBK
999 _c77323
_d77323